000 00464nam a2200193Ia 4500
008 240510s9999 xx 000 0 und d
020 _a0000070280894
041 _aEng
082 _a330.115
082 _bH25
100 _aHENDERSON J.M. : QUANDT R.E.
245 0 _aMICROECONOMIC THEORY : A MATHEMATICAL APPROACH
260 _bNEW YORK : MCGRAW HILL
260 _c1958
300 _a431 p.
650 _aMICROECONOMICS
942 _2ddc
942 _cLBK
999 _c25813
_d25813
945 _a1
_bMadushi Gamage
_c1
_dMadushi Gamage